000 00620nam a22002177a 4500
003 UA-OsUOA
001 58749
007 ta
008 20090223b un ||||| |||| 00| 0 ukr d
100 _aРижков В.
090 _a81
_bР49
942 _cSA
040 _aUA-OsUOA
_bukr
_cUA-OsUOA
_dUA-OsUOA
245 _a"Мова - це не засіб спілкування, а спосіб життя"
300 _aС.7
955 _a0
041 _aukr
080 _a81
773 0 _w58747
650 7 _a8 Мовознавство. Художня література. Літературознавство
_2UDC
999 _c344856
_d344856